Os 15 principais países com mortes por Covid19; 27 setembro - Statistics

Estatísticas Gerais
  • Esse quiz foi jogado 9 vezes
  • A pontuação média é 13 de 20
Estatísticas das Respostas
país % Correto
Brasil
100%
Estados Unidos
100%
Índia
88%
Reino Unido
88%
Rússia
88%
Argentina
75%
Espanha
75%
França
75%
Irão
75%
Itália
75%
México
75%
Peru
75%
Colômbia
63%
Bélgica
50%
Bolívia
50%
Chile
50%
África do Sul
38%
Equador
25%
Suécia
25%
Panamá
13%
Nenhum quiz correspondente encontrado
Distribuição das Pontuações
Porcentagem de Pessoas com Cada Pontuação
Percentil de Números Respondidos
Sua Pontuação Histórica
Você não jogou esse quiz